000 00607nam a2200181 a 4500
001 000040999
005 20201002034535.0
008 130912s2011 dr a 000 0 spa d
040 _aDO-SdBNP
_bspaBNPHU
082 _axxxx
_bxxxx
100 1 _aCampos, Sarah
_967436
245 1 0 _aAntología de cuentos infantiles /
_cSarah Campos.
260 _aSanto Domingo :
_bÚltima Jornada,
_c2011.
300 _av. :
_bil. ;
_c21 cm.
500 _aIncluye datos biográficos de la autora en la cubierta
500 _aLa biblioteca posee 3 ejemplar autografíado por la autora
500 _aLa biblioteca posee el v. 1
999 _c40489
_d40489